<?xml version="1.0" encoding="UTF-8"?>
<record
    xmlns:xsi="http://www.w3.org/2001/XMLSchema-instance"
    xsi:schemaLocation="http://www.loc.gov/MARC21/slim http://www.loc.gov/standards/marcxml/schema/MARC21slim.xsd"
    xmlns="http://www.loc.gov/MARC21/slim">

  <leader>01022nam2a22002411  4500</leader>
  <controlfield tag="001">rc\30603</controlfield>
  <controlfield tag="005">20250620195717.0</controlfield>
  <datafield tag="010" ind1=" " ind2=" ">
    <subfield code="a">5-7506-0060-2</subfield>
    <subfield code="9">400000</subfield>
  </datafield>
  <datafield tag="035" ind1=" " ind2=" ">
    <subfield code="a">(NLR Aleph) 005398212</subfield>
  </datafield>
  <datafield tag="090" ind1=" " ind2=" ">
    <subfield code="a">7248710</subfield>
    <subfield code="c">7248710</subfield>
  </datafield>
  <datafield tag="100" ind1=" " ind2=" ">
    <subfield code="a">20021216d1996    |||y0rusy50      ca</subfield>
  </datafield>
  <datafield tag="101" ind1="0" ind2=" ">
    <subfield code="a">rus</subfield>
  </datafield>
  <datafield tag="102" ind1=" " ind2=" ">
    <subfield code="a">RU</subfield>
  </datafield>
  <datafield tag="105" ind1=" " ind2=" ">
    <subfield code="a">a   |||||||||</subfield>
  </datafield>
  <datafield tag="200" ind1="0" ind2=" ">
    <subfield code="a">&#x412;&#x44B;&#x43F;. 1.3</subfield>
    <subfield code="f">[&#x412;&#x43E;&#x43B;&#x43A;&#x43E;&#x432;&#x430; &#x422;.&#x41E;.]</subfield>
  </datafield>
  <datafield tag="210" ind1=" " ind2=" ">
    <subfield code="d">1996</subfield>
    <subfield code="a">&#x411;. &#x43C;.</subfield>
  </datafield>
  <datafield tag="215" ind1=" " ind2=" ">
    <subfield code="a">28 &#x441;.</subfield>
    <subfield code="c">&#x438;&#x43B;., &#x446;&#x432;. &#x438;&#x43B;.</subfield>
  </datafield>
  <datafield tag="461" ind1=" " ind2="0">
    <subfield code="1">001rc\30600</subfield>
    <subfield code="1">2001#$a&#x418;&#x41D;&#x424;&#x41E;&#x420;&#x41C;&#x410;&#x422;&#x418;&#x41A;&#x410; &#x432; &#x438;&#x433;&#x440;&#x430;&#x445; &#x438; &#x437;&#x430;&#x434;&#x430;&#x447;&#x430;&#x445;$e&#x414;&#x43B;&#x44F; &#x434;&#x435;&#x442;&#x435;&#x439; 6-7 &#x43B;&#x435;&#x442;$f&#x41C;&#x43E;&#x441;&#x43A;. &#x43C;&#x435;&#x436;&#x434;&#x443;&#x43D;&#x430;&#x440;. &#x443;&#x43D;-&#x442; &#x431;&#x438;&#x437;&#x43D;&#x435;&#x441;&#x430; &#x438; &#x438;&#x43D;&#x444;&#x43E;&#x440;&#x43C;. &#x442;&#x435;&#x445;&#x43D;&#x43E;&#x43B;&#x43E;&#x433;&#x438;&#x439;$v&#x412;&#x44B;&#x43F;. 1.3</subfield>
    <subfield code="9">7248685</subfield>
    <subfield code="c">&#x41C;.</subfield>
    <subfield code="d">1996</subfield>
    <subfield code="f">&#x41C;&#x43E;&#x441;&#x43A;. &#x43C;&#x435;&#x436;&#x434;&#x443;&#x43D;&#x430;&#x440;. &#x443;&#x43D;-&#x442; &#x431;&#x438;&#x437;&#x43D;&#x435;&#x441;&#x430; &#x438; &#x438;&#x43D;&#x444;&#x43E;&#x440;&#x43C;. &#x442;&#x435;&#x445;&#x43D;&#x43E;&#x43B;&#x43E;&#x433;&#x438;&#x439;</subfield>
    <subfield code="n">&#x42D;&#x43A;&#x441;&#x43F;&#x440;&#x435;&#x441;&#x441;</subfield>
    <subfield code="o">&#x414;&#x43B;&#x44F; &#x434;&#x435;&#x442;&#x435;&#x439; 6-7 &#x43B;&#x435;&#x442;</subfield>
    <subfield code="t">&#x418;&#x41D;&#x424;&#x41E;&#x420;&#x41C;&#x410;&#x422;&#x418;&#x41A;&#x410; &#x432; &#x438;&#x433;&#x440;&#x430;&#x445; &#x438; &#x437;&#x430;&#x434;&#x430;&#x447;&#x430;&#x445;</subfield>
    <subfield code="v">&#x412;&#x44B;&#x43F;. 1.3</subfield>
  </datafield>
  <datafield tag="801" ind1=" " ind2="0">
    <subfield code="a">RU</subfield>
    <subfield code="b">NLR</subfield>
    <subfield code="g">psbo</subfield>
  </datafield>
  <datafield tag="801" ind1=" " ind2="1">
    <subfield code="a">RU</subfield>
    <subfield code="b">ELAR</subfield>
    <subfield code="2">rusmarc</subfield>
  </datafield>
  <datafield tag="852" ind1=" " ind2=" ">
    <subfield code="a">NLR</subfield>
    <subfield code="j">96-8/1506</subfield>
  </datafield>
  <datafield tag="942" ind1=" " ind2=" ">
    <subfield code="c">BOOK</subfield>
  </datafield>
  <datafield tag="980" ind1=" " ind2=" ">
    <subfield code="a">NB</subfield>
  </datafield>
  <datafield tag="995" ind1=" " ind2=" ">
    <subfield code="5">2013-10-26</subfield>
    <subfield code="b">NLR01</subfield>
    <subfield code="c">NLR01</subfield>
    <subfield code="e">RF8</subfield>
    <subfield code="f">5398212-10</subfield>
    <subfield code="k">96-8/1506</subfield>
    <subfield code="o">0</subfield>
    <subfield code="r">BOOK</subfield>
    <subfield code="s">9681506_</subfield>
  </datafield>
</record>
